00834nam a2200217 i 450000100060000000300090000600500170001500700030003200800410003508000270007610000400010324500520014326000400019530000380023559401030027360000350037671000400041185200240045199900170047595201240049223175ES-MaACL20231228062551.0t|021209s1948 sp ||||1| spa d a929 Medrano, Francisco1 aAlonso, Dámaso,d1898-199092019510aVida y obra de Medrano / cpor Dámaso Alonso. aMadrid : b[s.n.], c1948 (fBlass) a1 v. + facsímil 1-13 ; c25 cm. aPrecede a tít.: Consejo Superior de Investigaciones Científicas. Instituto Antonio de Nebrija.14aMedrano, Francisco de.91666232 aInstituto Antonio de Nebrija.947954 aES-MaACLjP-873-bis c23175d23175 00104070aATENEOMbATENEOMcDEPO2d2008-01-17eSCl0oP-873-bisp1023876r2023-02-23 00:00:00w2023-02-23yMONOGRAFIA